Members of EXID (Kpop) - Statistics

General Stats
  • This quiz has been taken 240 times
  • The average score is 4 of 8
Answer Stats
Answer % Correct
Hani
93%
LE
87%
Solji
77%
Junghwa
58%
Hyerin
55%
Dami
20%
Haeryung
20%
Yuzi
7%
No matching quizzes found
Score Distribution
Percent of People with Each Score
Percentile by Number Answered
Your Score History
You have not taken this quiz